01687cam a22003614i 4500003000900000005001700009008004100026035001900067040003300086082001900119100002700138245003900165264005500204300002800259336002100287337002500308338002300333504002800356505076600384526001001150526001001160526001001170526001001180526000801190526000801198526000801206526000801214526000801222526000801230526000801238650003701246650004201283PE-LiUPU20250731173128.0150623s r 000 0 d a(Sirsi) a26191 aPE-LiUPUbspacPE-LiUPUerda04a263.2bF762211 aFord, Desmond,eautor.14aThe forgotten day /cDesmond Ford. 1aNewcastle Ca. :bDesmond Ford Publications,c1981. a318 páginas ;c23 cm. atext2rdacontent aunmediated2rdamedia avolume2rdacarrier aIncluye bibliografía.0 aThe forgotten day. -Three secrets of happy living. -God's all-embracing sign and its particular relevance for the twentiethe century. -Ethics, chaos, and cosmos. -Should I, or shouldn't I? How can I choose?, how relevant are the ten commandments today?. -The edenic origin of the sabbath. -God's bulwark against apostasy from eden to eden. -The sabbath and Colossians 2:16. -Is the Seventh-day sabbath a moral test today?. -The decalogue and the law of israel. -The sabbath and the gospel. -A shorthand summary of the sabbath question. -Sabbath or sunday?. -Questions and answers. -Christ and the sabbath. -Romans 14:5,6. -Galatians 4:9,10. -Colossians 2:13-23. -The everlastin ten. -The historical evidence for christian sabbath keeping in the early centuries. aSEG42 aSEG41 aSEG40 aSEG39 aP94 aP87 aP86 aP85 aP77 aP76 aP3504aSábado bíblicoxObservancia.04aSábado bíblicoxLiturgiavTextos.